00427nam a2200145Ia 4500008004100000020001800041041000800059082001700067100003600084245010300120250000600223260003000229300001300259650000900272210716s2010 xx 000 0 und d a9788184893656 aeng a005.131 BIRL aBirta, Louis G; Arbez, Gilbert. aModelling and simulation: exploring dynamic system behaviour.bExploring dynamic system behaviour. a1 aNew DelhibSpringerc2010 axvii,454 aNone